| 000 | 00489nam a2200193Ia 4500 | ||
|---|---|---|---|
| 003 | GCL | ||
| 008 | 140319s9999 xx 000 0 eng d | ||
| 040 |
_aGCL / _cGCL |
||
| 082 | 0 | 4 |
_aCH _b750 _bM D |
| 100 | 1 | _aMAYES, SUSAN | |
| 245 | 1 | 0 |
_aDRAWING PAINTING AND LETTERING / _cMAYES, SUSAN |
| 260 |
_a[S.N] : _bUSBORNE PUBLISHING LTD ، _c1996 |
||
| 300 | _a97 P | ||
| 650 | 0 | 4 | _aCHILDREN |
| 650 | 0 | 4 | _aPAINTING |
| 650 | 0 | 4 | _aLETTERING |
| 650 | 0 | 4 | _aDRAWING - LEARNING |
| 942 |
_2ddc _cBK |
||
| 999 |
_c13479 _d13479 |
||